Casa, vecindario y cultura en el siglo XVIII : Memoria del VI Simposio de Historia de las Mentalidades /

El Seminario de Historia de las Mentalidades y Religión en México Colonial fue una iniciativa académica de la UNAM que, a lo largo de 20 años (1978-1998), se concentró en estudiar cómo la Iglesia católica en la Nueva España influía en los comportamientos y formas de convivencia de la vida cotidiana...

Descripción completa

Guardado en:
Detalles Bibliográficos
Autores corporativos: Seminario de Historia de las Mentalidades y Religión en México Colonial ( INAH), Simposio de Historia de las Mentalidades
Otros autores: Villafuerte García, Lourdes (introducción) (introducción)
Formato: Procedimiento de la conferencia Libro
Idioma:Español
Publicado: México : INAH, 1998, c1998
Colección:(Colección Científica INAH ; Antropología Social) 349.
Temas:
Etiquetas: Agrega una etiqueta
Sin etiquetas, Sé el primero en etiquetar este registro!

MARC

LEADER 00000nam^a2200000^a^4500
001 000568964
005 20250521000000.0
009 20260310132158.818
020 |a 970-18-1190-9 
037 |a Acervo ITESO - Biblioteca 
041 |a ESP 
082 |a 972. 03  |b SEM 1995 
111 |a Seminario de Historia de las Mentalidades y Religión en México Colonial (  |d 1995 :  |c INAH) 
240 1 1 |a [Seminario de Historia de las Mentalidades y Religión en México Colonial] 
245 1 0 |a Casa, vecindario y cultura en el siglo XVIII :  |b Memoria del VI Simposio de Historia de las Mentalidades /  |c Seminario de Historia de las Mentalidades y Religión en México Colonial ; introd. de L. Villafuerte García. 
264 4 |a México :  |b INAH,  |c 1998, c1998 
300 |a 221 p. 
336 |a texto  |b txt  |2 rdacontenido 
337 |a sin mediación  |b n  |2 rdamedio 
338 |a volumen  |b nc  |2 rdasoporte 
440 1 |a (Colección Científica INAH ;  |v 349.  |p Antropología Social) 
520 |a El Seminario de Historia de las Mentalidades y Religión en México Colonial fue una iniciativa académica de la UNAM que, a lo largo de 20 años (1978-1998), se concentró en estudiar cómo la Iglesia católica en la Nueva España influía en los comportamientos y formas de convivencia de la vida cotidiana de la población, en particular los relacionados al matrimonio y a la sexualidad, y cómo los individuos después aceptaban, rechazaban o adaptaban tales “mentalidades” a su vida. En esta obra se presenta una antología de los principales trabajos que se efectuaron durante la existencia del seminario. 
649 |a XX 
650 |a Vecinos -  |z México -  |x Historia -  |y Epoca Colonial, 1517-1821 
650 |a Vivienda -  |z México -  |x Historia -  |y Epoca Colonial, 1517-1821 
650 |a Vecindades -  |z México -  |x Historia -  |y Epoca Colonial, 1517-1821 
650 |a Vida Cotidiana -  |z México -  |x Historia -  |y Epoca Colonial, 1517-1821 
650 |a Infidelidad -  |z México -  |x Historia -  |y Epoca Colonial, 1517-1821 
650 |a Matrimonio -  |z Brasil -  |x Historia -  |y Epoca Colonial, 1549-1822 
650 |a Relaciones Familiares -  |z México -  |x Historia -  |y Epoca Colonial, 1517-1821 
650 |a Sexualidad y Religión -  |z México -  |x Historia -  |y Epoca Colonial, 1517-1821 -  |x Tema Principal 
650 |a Sexualidad -  |z México -  |x Historia -  |y Epoca Colonial, 1517-1821 
650 |a Catolicismo -  |z México -  |x Historia -  |y Epoca Colonial, 1517-1821 
650 |a Cristianismo -  |z México -  |x Historia -  |y Epoca Colonial, 1517-1821 
650 |a Religión -  |z México -  |x Historia -  |y Epoca Colonial, 1517-1821 
650 |a Cultura Popular -  |z México -  |x Historia -  |y Epoca Colonial, 1517-1821 
650 |a Sociología Urbana -  |z México -  |x Historia 
650 |a Antropología Cultural 
650 |a México (Ciudad) -  |x Historia -  |y Epoca Colonial, 1517-1821 
650 |a México -  |x Historia -  |y Virreinato, 1535-1821 
650 |a México -  |x Historia -  |y Epoca Colonial, 1517-1821 -  |x Tema Principal 
650 |a México -  |x Historia -  |x Congresos -  |x Tema Principal 
711 |a Simposio de Historia de las Mentalidades (  |n 6° :  |d 1995 :  |c INAH) 
700 |a Villafuerte García, Lourdes  |e (introducción) 
910 |a Fondo Castillo-Martínez 
920 |a Impresos - Libros 
930 |a Fondos Especiales 
905 |a 127 
901 |a 0500344366  |b IT2  |c ESP  |i D125132  |u 20250521 
902 |a https://opac.biblio.iteso.mx/vufind/Record/000568964